| 000 | 00680pam a2200205 a 4500 | ||
|---|---|---|---|
| 020 | _a002751238X : | ||
| 040 | _cDLC | ||
| 082 | 0 | 0 | _a628 MAX 1993 A042 Or. |
| 100 | 1 | _aKuklin, Susan. | |
| 245 | 1 | 0 | _aFighting fires / |
| 250 | _a1st ed. | ||
| 260 |
_aNew York : _bBradbury Press ; _aToronto : _bMaxwell Macmillan Canada ; _aNew York : _bMaxwell Macmillan International, _cc1993. |
||
| 300 |
_a1 v. (unpaged) : _bcol. ill. ; _c21 x 26 cm. |
||
| 520 | _aText and photographs present the vehicles, equipment, and procedures used by fire fighters. | ||
| 650 | 0 | _aFire fighters | |
| 650 | 0 | _aFire extinction | |
| 650 | 1 | _aFire fighters. | |
| 650 | 1 | _aFire extinction. | |
| 942 | _cEK | ||
| 999 |
_c12508 _d12508 |
||